000
00293nam a2200121Ia 4500
008
211105s9999 xx 000 0 und d
020
_a
VYASA07206
100
_a
NoAuthor
245
0
_a
Kundalini yoga
250
_a
1st ed.
260
_b
Motilal banarsidass
_c
\N
300
_a
365 p. includes index
999
_c
13704
_d
13704